| Tag |
First Indicator |
Second Indicator |
Subfields |
| LEADER |
00000cam a2200000 i 4500 |
| 001 |
in00005616321 |
| 008 |
240312t20232023wau 000 1 eng d |
| 005 |
20250214192406.7 |
| 010 |
|
|
|a 2023497303
|
| 035 |
|
|
|a (OCoLC)on1388206630
|
| 040 |
|
|
|a DLC
|e rda
|c DLC
|d TXA
|
| 020 |
|
|
|a 9781662503979
|q (paperback)
|
| 020 |
|
|
|a 1662503970
|q (paperback)
|
| 035 |
|
|
|a (OCoLC)1388206630
|
| 050 |
0 |
0 |
|a PS3625.A735
|b R65 2023
|
| 082 |
0 |
0 |
|a 813/.6
|2 23/eng/20230615
|
| 100 |
1 |
|
|a Yardley, Cathy,
|e author.
|
| 245 |
1 |
0 |
|a Role playing /
|c Cathy Yardley.
|
| 264 |
|
1 |
|a Seattle :
|b Montlake,
|c [2023].
|
| 264 |
|
4 |
|c ©2023.
|
| 300 |
|
|
|a 322 pages ;
|c 21 cm.
|
| 336 |
|
|
|a text
|b txt
|2 rdacontent
|
| 337 |
|
|
|a unmediated
|b n
|2 rdamedia
|
| 338 |
|
|
|a volume
|b nc
|2 rdacarrier
|
| 520 |
|
|
|a Maggie is an unapologetically grumpy forty-eight-year-old hermit. But when her college-aged son makes her a deal, he'll be more social if she does the same, she can't refuse. She joins a new online gaming guild led by a friendly healer named Otter. So that nobody gets the wrong idea, she calls herself Bogwitch. Otter is Aiden, a fifty-year-old optimist using the guild as an emotional outlet from his family drama caring for his aging mother while his brother plays house with Aiden's ex-fiancée. Bogwitch and Otter become fast virtual friends, but there's a catch. Bogwitch thinks Otter is a college student. Otter assumes Bogwitch is an octogenarian. When they finally meet face to face, after a rocky, shocking start, the unlikely pair of sunshine and stormy personalities grow tentatively closer. But Maggie's previous relationships have left her bitter, and Aiden's got a complicated past of his own. Everything's easier online. Can they make it work in real life?
|
| 650 |
|
0 |
|a Recluses
|v Fiction.
|
| 650 |
|
0 |
|a Fantasy games
|v Fiction.
|
| 650 |
|
0 |
|a Man-woman relationships
|v Fiction.
|
| 650 |
|
0 |
|a Middle-aged persons
|v Fiction.
|
| 948 |
|
|
|a dmitchel 2/14/25 1.20.10
|
| 994 |
|
|
|a Z0
|b TXA
|
| 999 |
f |
f |
|s 587ce737-a32a-49b0-8004-ce479405a965
|i 9d5db906-bc6e-43af-ba8e-b0e12acf49d5
|t 0
|
| 952 |
f |
f |
|p normal
|a Texas A&M University
|b College Station
|c Sterling C. Evans Library
|d Evans: Library Stacks
|t 0
|e PS3625.A735 R65 2023
|h Library of Congress classification
|i unmediated -- volume
|m A14852171348
|
| 998 |
f |
f |
|a PS3625.A735 R65 2023
|t 0
|l Evans: Library Stacks
|